Grenzdynamiken: Religion, Migration und Integration
In Europa hat Einwanderung in den vergangenen Jahrzehnten dazu geführt, dass die christlich geprägten Länder religiös vielfältiger wurden und werden. Wie gehen Politik und Gesellschaft damit um? Zur Beantwortung dieser Frage analysiert die empirische Makrosoziologie an der Universität Heidelbe...
Saved in:
| Main Author: | |
|---|---|
| Format: | Article (Journal) |
| Language: | German |
| Published: |
Februar 2025
|
| In: |
Ruperto Carola
Year: 2025, Volume: 25, Pages: 36-43 |
| DOI: | 10.17885/heiup.ruca.2025.25.25094 |
| Online Access: | Verlag, kostenfrei, Volltext: https://doi.org/10.17885/heiup.ruca.2025.25.25094 Verlag, kostenfrei, Volltext: https://heiup.uni-heidelberg.de/journals/rupertocarola/article/view/25094 |
| Author Notes: | Matthias Koenig |
MARC
| LEADER | 00000caa a2200000 c 4500 | ||
|---|---|---|---|
| 001 | 1917919085 | ||
| 003 | DE-627 | ||
| 005 | 20260504142334.0 | ||
| 007 | cr uuu---uuuuu | ||
| 008 | 250224s2025 xx |||||o 00| ||ger c | ||
| 024 | 7 | |a 10.17885/heiup.ruca.2025.25.25094 |2 doi | |
| 035 | |a (DE-627)1917919085 | ||
| 035 | |a (DE-599)KXP1917919085 | ||
| 035 | |a (OCoLC)1527995054 | ||
| 040 | |a DE-627 |b ger |c DE-627 |e rda | ||
| 041 | |a ger | ||
| 084 | |a 14 |2 sdnb | ||
| 100 | 1 | |a Koenig, Matthias |d 1971-2026 |e VerfasserIn |0 (DE-588)12493174X |0 (DE-627)503028061 |0 (DE-576)265385474 |4 aut | |
| 245 | 1 | 0 | |a Grenzdynamiken |b Religion, Migration und Integration |c Matthias Koenig |
| 264 | 1 | |c Februar 2025 | |
| 300 | |a 8 | ||
| 336 | |a Text |b txt |2 rdacontent | ||
| 337 | |a Computermedien |b c |2 rdamedia | ||
| 338 | |a Online-Ressource |b cr |2 rdacarrier | ||
| 500 | |a Gesehen am 24.02.2025 | ||
| 500 | |a Veröffentlicht: 2025-02-24 | ||
| 520 | |a In Europa hat Einwanderung in den vergangenen Jahrzehnten dazu geführt, dass die christlich geprägten Länder religiös vielfältiger wurden und werden. Wie gehen Politik und Gesellschaft damit um? Zur Beantwortung dieser Frage analysiert die empirische Makrosoziologie an der Universität Heidelberg mit einem Mix verschiedener Methoden die symbolischen, sozialen und institutionellen Dimensionen religiöser Grenzziehung. Je nachdem, wie diese miteinander wechselwirken, reichen mögliche Zukunftsszenarien von Rückschlägen bei bereits erfolgten institutionellen Öffnungen für religiöse Minderheiten bis zu einem langfristigen Wandel im Umgang mit ihnen. | ||
| 546 | |a Mit einer Zusammenfassung in englischer Sprache | ||
| 773 | 0 | 8 | |i Enthalten in |a Universität Heidelberg |t Ruperto Carola |d Heidelberg : Universität Heidelberg, Der Rektor, Kommunikation und Marketing, 1993 |g 25(2025) vom: Feb., Seite 36-43 |h Online-Ressource |w (DE-627)325485097 |w (DE-600)2036209-2 |w (DE-576)264151704 |7 nnas |
| 773 | 1 | 8 | |g volume:25 |g year:2025 |g month:02 |g pages:36-43 |g extent:8 |a Grenzdynamiken Religion, Migration und Integration |
| 776 | 0 | 8 | |i Erscheint auch als |n Druck-Ausgabe |a Koenig, Matthias, 1971 - 2026 |t Grenzdynamiken |d 2025 |w (DE-627)1949915220 |
| 856 | 4 | 0 | |u https://doi.org/10.17885/heiup.ruca.2025.25.25094 |x Verlag |x Resolving-System |z kostenfrei |3 Volltext |7 0 |
| 856 | 4 | 0 | |u https://heiup.uni-heidelberg.de/journals/rupertocarola/article/view/25094 |x Verlag |z kostenfrei |3 Volltext |7 0 |
| 912 | |a ZDB-232-HEP-article | ||
| 951 | |a AR | ||
| 992 | |a 20250224 | ||
| 993 | |a Article | ||
| 994 | |a 2025 | ||
| 998 | |g 12493174X |a Koenig, Matthias |m 12493174X:Koenig, Matthias |d 180000 |d 180600 |e 180000PK12493174X |e 180600PK12493174X |k 0/180000/ |k 1/180000/180600/ |p 1 |x j |y j | ||
| 999 | |a KXP-PPN1917919085 |e 4670390171 | ||
| BIB | |a Y | ||
| SER | |a journal | ||
| JSO | |a {"type":{"media":"Online-Ressource","bibl":"article-journal"},"physDesc":[{"extent":"8 S."}],"relHost":[{"part":{"text":"25(2025) vom: Feb., Seite 36-43","pages":"36-43","volume":"25","year":"2025","extent":"8"},"disp":"Universität HeidelbergRuperto Carola","note":["Gesehen am 07.02.24"],"language":["ger"],"titleAlt":[{"title":"Forschungsmagazin Ruperto Carola"},{"title":"Ruperto-Carola"}],"person":[{"role":"edt","family":"Pfeiffer","given":"Thomas","display":"Pfeiffer, Thomas"}],"name":{"displayForm":["Herausgeber Universität Heidelberg, Der Rektor, Kommunikation und Marketing"]},"recId":"325485097","pubHistory":["1993 - 2012,1; [N.F.] Nr. 1.2012 -"],"corporate":[{"role":"aut","display":"Universität Heidelberg"}],"physDesc":[{"extent":"Online-Ressource"}],"type":{"media":"Online-Ressource","bibl":"periodical"},"id":{"eki":["325485097"],"zdb":["2036209-2"]},"origin":[{"dateIssuedKey":"1993","publisher":"Universität Heidelberg, Der Rektor, Kommunikation und Marketing ; Vereinigung der Freunde der Studentenschaft der Univ. Heidelberg ; Brausdr. ; Univ., Presse- und Informationsstelle ; Winter","dateIssuedDisp":"1993-","publisherPlace":"Heidelberg ; Heidelberg ; Heidelberg ; Heidelberg ; Heidelberg"}],"title":[{"title_sort":"Ruperto Carola","subtitle":"Forschungsmagazin","title":"Ruperto Carola"}]}],"recId":"1917919085","name":{"displayForm":["Matthias Koenig"]},"person":[{"family":"Koenig","role":"aut","given":"Matthias","display":"Koenig, Matthias"}],"title":[{"title_sort":"Grenzdynamiken","subtitle":"Religion, Migration und Integration","title":"Grenzdynamiken"}],"language":["ger"],"origin":[{"dateIssuedDisp":"Februar 2025","dateIssuedKey":"2025"}],"id":{"eki":["1917919085"],"doi":["10.17885/heiup.ruca.2025.25.25094"]},"note":["Gesehen am 24.02.2025","Veröffentlicht: 2025-02-24"]} | ||
| SRT | |a KOENIGMATTGRENZDYNAM2025 | ||